Science, development and violence : (Record no. 125392)

MARC details
000 -LEADER
fixed length control field 00737nam a22002417a 4500
005 - DATE AND TIME OF LATEST TRANSACTION
control field 20170124105953.0
010 ## - LIBRARY OF CONGRESS CONTROL NUMBER
LC control number A-583120
020 ## - INTERNATIONAL STANDARD BOOK NUMBER
Terms of availability 00.00
035 #h - SYSTEM CONTROL NUMBER
System control number A-583120
037 ## - SOURCE OF ACQUISITION
Source of stock number/acquisition Cen Lib/Ret
040 ## - CATALOGING SOURCE
Original cataloging agency DPL
Language of cataloging EN
082 ## - DEWEY DECIMAL CLASSIFICATION NUMBER
Classification number 303.483
Item number ALV
100 ## - MAIN ENTRY--PERSONAL NAME
Personal name Alvares, Claude
9 (RLIN) 14095
245 ## - TITLE STATEMENT
Title Science, development and violence :
Statement of responsibility, etc by Claude Alvares
Remainder of title the revolt against modernity /
246 ## - VARYING FORM OF TITLE
Remainder of title
260 ## - PUBLICATION, DISTRIBUTION, ETC. (IMPRINT)
Place of publication, distribution, etc Delhi
Name of publisher, distributor, etc Oxford University Press
Date of publication, distribution, etc 1992
270 ## - ADDRESS
Address YMCA Library Building, Jai Singh Road
City Delhi
Postal code 110001
300 ## - PHYSICAL DESCRIPTION
Extent ix,186p. :
Dimensions 22cm(Hb)
500 ## - GENERAL NOTE
General note Includes index
650 ## - SUBJECT ADDED ENTRY--TOPICAL TERM
Topical term or geographic name as entry element Economic development
9 (RLIN) 1481
650 ## - SUBJECT ADDED ENTRY--TOPICAL TERM
Topical term or geographic name as entry element Industrialization
9 (RLIN) 10749
942 ## - ADDED ENTRY ELEMENTS (KOHA)
Source of classification or shelving scheme Dewey Decimal Classification
Koha item type English Books
Classification part 303.483
Call number suffix ALV
Holdings
Withdrawn status Lost status Damaged status Not for loan Home library Current library Date acquired Source of acquisition Cost, normal purchase price Total Checkouts Full call number Barcode Date last seen Copy number Cost, replacement price Price effective from Koha item type Public note
Written off       Central Library Central Library 20/06/2015 Cen Lib/Ret 0.00   303.483 ALV A-583120 20/06/2015 1 0.00 20/06/2015 English Books W/d list no. 6836/16

© Delhi Public Library
Hit Counter
free hit counter